[Event "IECG TG.2004.0.15276 email"]
[Site "IECG email"]
[Date "2004.11.01"]
[Round "1"]
[White "Jim, Kam Chuen"]
[Black "Blazik, Alvin"]
[Result "1-0"]
[WhiteElo "856"]
[BlackElo "372"]
[PlyCount "77"]
[EventDate "2004.11.01"]
[EventType "match (corr)"]
[EventRounds "2"]
[SourceTitle "Corr 2008"]
[Source "ChessBase"]
[SourceDate "2008.06.24"]
[SourceVersion "1"]
[SourceVersionDate "2008.06.24"]
[SourceQuality "1"]

1. e4 d5 2. exd5 Qxd5 3. Nc3 Qa5 4. d4 c5 5. dxc5 Qxc5 6. Be3 Qc7 7. Bb5+ Nc6 8. Nge2 Bg4 9. f3 Bh5 10. Qd2 e6 11. g4 Bg6 12. 0-0-0 Bd6 13. Qxd6 Qxd6 14. Rxd6 Rc8 15. Rhd1 b6 16. Bxc6+ Rxc6 17. Rxc6 Ne7 18. Rc7 h5 19. Rxa7 hxg4 20. Rdd7 Nc6 21. Rdb7 0-0 22. Ra4 f5 23. fxg4 fxg4 24. Rxb6 Ne7 25. Ra7 Nd5 26. Nxd5 Rd8 27. Ne7+ Kh7 28. Nxg6 Kxg6 29. Rxe6+ Kf5 30. Rb6 Ke4 31. Bd2 Kf3 32. Re6 Rh8 33. Rf7+ Kg2 34. Rg6 Rxh2 35. Rxg4+ Kh3 36. Rfxg7 Rxe2 37. c3 Rf2 38. R4g6 Kh2 39. Rh6# 1-0

[Event "IECG CP.2001.P.00003"]
[Site "IECG email"]
[Date "2001.10.01"]
[Round "?"]
[White "Jim, Kam Chuen"]
[Black "Boisgard, Jean Marc"]
[Result "1-0"]
[WhiteElo "907"]
[BlackElo "1603"]
[PlyCount "26"]
[EventDate "2001.10.01"]
[EventType "tourn (corr)"]
[EventRounds "6"]
[SourceTitle "Corr 2024"]
[Source "ChessBase"]
[SourceDate "2023.10.19"]
[SourceVersion "1"]
[SourceVersionDate "2023.10.19"]
[SourceQuality "1"]

1. e4 a6 2. d4 b5 3. Nc3 Bb7 4. Nf3 e6 5. a3 c5 6. b4 cxb4 7. axb4 Bxb4 8. Bd2 Bxc3 9. Bxc3 Qc8 10. Qd3 Bxe4 11. Qe3 Nf6 12. Bd2 Qxc2 13. Be2 Nc6 1-0